| 000 | 00494nam a22001937a 4500 | ||
|---|---|---|---|
| 999 |
_c7993 _d7993 |
||
| 003 | BD-JhCC | ||
| 005 | 20191214134337.0 | ||
| 008 | 180217b bg ||||| |||| 00| 0 ben d | ||
| 035 | _a(BD-JhCC) | ||
| 040 |
_aBD-JhCC _dBD-JhCC |
||
| 041 | _aben | ||
| 082 |
_a891.443 _bSRI |
||
| 100 | _aশ্রীকান্ত | ||
| 245 |
_aশ্রীকান্ত _cশ্রীকান্ত |
||
| 300 |
_a198 p. : _c18 cm. |
||
| 650 | _aBengali novel | ||
| 942 |
_2ddc _cBK |
||